01022nam a2200337Ia 4500001000700000003000500007008004100012010001100053020001800064040000900082082001500091100003500106245009100141260002800232300001100260503001400271504003300285650003100318650002500349650003900374650003300413650003800446650004000484901001500524902000600539910000900545942000600554942000700560999001900567952009800586Z_5596CHAP220113s1991 xx 000 0 und d a168690 a968-463-057-3 cCHAP a639.37 M67 aMorales Díaz, Armando978254 aLa tilapia en México : biología, cultivo y pesquerías /cArmando Morales Díaz aMéxico :bAGT,c1991 a190 p. aej.1: C/E aBibliografía: p. 186 - 190 aPeces xx Mercado9142985 aPiscicultura 988531 aTilapia xx Alimentaión9142986 aTilapia xx Cultivo9142987 aTilapia xx Fisiología9142988 aTilapias xx Producción 9142989 a639.37 M67 aM a1991 c1 cc1 c168690d168690 00102ddc40708GRALaZbZc1d2008-01-17pz_5474r2022-01-18 00:00:00t1w2022-01-18yLIBRO